[Event "Superettan(Farsta-Schack 08)"]
[Site "?"]
[Date "2013.03.17"]
[Round "9"]
[White "Lundin, Jan"]
[Black "Faldt, Magnus"]
[Result "1-0"]
[WhiteElo "2322"]
[BlackElo "2211"]
[PlyCount "63"]

1. e4 c5 2. c3 Nf6 3. e5 Nd5 4. d4 cxd4 5. Qxd4 e6 6. Nf3 Nc6 7. Qe4 f5 8. Qe2
Qc7 9. g3 b6 10. c4 Nde7 11. Bg2 Bb7 12. O-O Ng6 13. Nc3 Bc5 14. Rd1 a6 15. a3
O-O 16. b4 Be7 17. Bb2 f4 18. Nd5 exd5 19. cxd5 Ncxe5 20. Nxe5 Nxe5 21. Bxe5
Bd6 22. Rac1 Qb8 23. gxf4 a5 24. Be4 Rxf4 25. Bxf4 Bxf4 26. Qh5 g6 27. Bxg6
hxg6 28. Qxg6+ Kf8 29. Qf6+ Kg8 30. Rc4 Bxh2+ 31. Kf1 Qe5 32. Rg4+ 1-0

[Event "Superettan(Farsta-Schack 08)"]
[Site "?"]
[Date "2013.03.17"]
[Round "9"]
[White "Arvidsson, Tomas"]
[Black "Ong, Kezli"]
[Result "0-1"]
[WhiteElo "2011"]
[BlackElo "2318"]
[PlyCount "77"]

1. e4 e5 2. Nf3 Nc6 3. Bc4 Nf6 4. d3 Bc5 5. c3 d6 6. b4 Bb6 7. a4 a6 8. h3 h6
9. O-O O-O 10. Re1 Nh5 11. Be3 Bxe3 12. fxe3 Nf6 13. Qb3 Ne7 14. Nbd2 c6 15. d4
Ng6 16. a5 d5 17. exd5 cxd5 18. Be2 Qe7 19. Nf1 Bd7 20. c4 Bc6 21. Ng3 dxc4 22.
Bxc4 Bxf3 23. gxf3 exd4 24. Nf5 Qe5 25. e4 Nh5 26. f4 Qxf4 27. Ra2 Rac8 28. Rg2
Qc7 29. Rxg6 Kh7 30. Rb6 Qxc4 31. Qxc4 Rxc4 32. Rxb7 Nf4 33. e5 d3 34. Rd1 Rfc8
35. Rxf7 Rc1 36. Rxg7+ Kh8 37. Rxc1 Rxc1+ 38. Kf2 d2 39. Rf7 0-1

[Event "Superettan(Farsta-Schack 08)"]
[Site "?"]
[Date "2013.03.17"]
[Round "9"]
[White "Lissang, Christopher"]
[Black "Stenman, Christoffer"]
[Result "1-0"]
[WhiteElo "2272"]
[BlackElo "1933"]
[PlyCount "67"]

1. d4 Nf6 2. c4 e5 3. dxe5 Ng4 4. Nf3 Nc6 5. Bf4 Bb4+ 6. Nbd2 Qe7 7. a3 Ngxe5
8. Nxe5 Nxe5 9. e3 Bxd2+ 10. Qxd2 d6 11. Be2 O-O 12. O-O b6 13. e4 a5 14. b3
Kh8 15. Rfe1 Bb7 16. Bf1 Qe6 17. Rac1 Rae8 18. Bg3 f5 19. exf5 Qxf5 20. Qc3 Ng6
21. b4 axb4 22. axb4 Nf4 23. c5 bxc5 24. bxc5 dxc5 25. Bxf4 Qxf4 26. Qxc5 Ra8
27. Rc2 Rf7 28. Qb5 Be4 29. Rb2 Raf8 30. Qc5 c6 31. Rb4 Rf5 32. Rbxe4 Qxe4 33.
Qxf8+ Rxf8 34. Rxe4 1-0

[Event "Superettan(Orebro-Solna)"]
[Site "?"]
[Date "2013.03.17"]
[Round "9"]
[White "Lindberg, Bengt"]
[Black "Nygren, Kim"]
[Result "0-1"]
[WhiteElo "2448"]
[BlackElo "2302"]
[PlyCount "90"]
[SourceDate "2013.04.10"]

1. e4 e6 2. d4 d5 3. Nc3 Bb4 4. e5 c5 5. a3 Bxc3+ 6. bxc3 Qa5 7. Bd2 Qa4 8. Qb1
c4 9. Nf3 Nc6 10. g3 b6 11. Bh3 Bb7 12. O-O Nge7 13. Qd1 h6 14. Nh4 O-O-O 15.
Ng2 Rdf8 16. Nf4 g6 17. Ng2 Kb8 18. Re1 Bc8 19. Ne3 f5 20. exf6 Rxf6 21. Ng4
Rf7 22. Bf4+ Rxf4 23. gxf4 e5 24. f3 h5 25. Nf2 exf4 26. Qd2 g5 27. Bxc8 Rxc8
28. Nh3 Nf5 29. Nxf4 Nh4 30. Qf2 Rf8 31. Nxd5 Nxf3+ 32. Kh1 h4 33. Ne3 Qa5 34.
Rf1 Qxc3 35. Rad1 Qxa3 36. Qe2 Ncxd4 37. Qxc4 Rc8 38. Qd3 Rc3 39. Qh7 Rxe3 40.
Rxf3 Rxf3 41. Qh8+ Qf8 42. Qxf8+ Rxf8 43. Rxd4 Rf2 44. c4 Rf4 45. Rd5 Rxc4 0-1

[Event "Superettan(Orebro-Solna)"]
[Site "?"]
[Date "2013.03.17"]
[Round "9"]
[White "Drugge, Patrick"]
[Black "Lundvik, Jonas"]
[Result "1-0"]
[WhiteElo "2254"]
[BlackElo "2283"]
[PlyCount "95"]

1. e4 e6 2. d4 d5 3. exd5 exd5 4. Nf3 Bd6 5. c4 c6 6. Nc3 Ne7 7. Bd3 Bf5 8.
Bxf5 Nxf5 9. cxd5 O-O 10. O-O cxd5 11. Qb3 Nc6 12. Qxb7 Nfxd4 13. Nxd4 Nxd4 14.
Qxd5 Bxh2+ 15. Kxh2 Qc7+ 16. Kg1 Rad8 17. Qe4 Rfe8 18. Qf4 Qb7 19. Be3 Ne6 20.
Qg4 Qxb2 21. Ne4 Qe5 22. Ng3 Rd3 23. Qf5 Qd6 24. Ne4 Qd8 25. Rac1 Rd5 26. Qf3
Qa5 27. Ng3 Rd3 28. Rfd1 Rxd1+ 29. Qxd1 Qxa2 30. Qd7 Rd8 31. Qxa7 Qd5 32. Qa4
h6 33. Qg4 Kh8 34. Nf5 Kh7 35. Ne7 Qb5 36. Rc6 Kh8 37. Rc1 Qb7 38. Ng6+ Kh7 39.
Ne5 Re8 40. Rd1 Nf8 41. Qf5+ Kg8 42. Rd7 Qb3 43. Rxf7 Qa2 44. Ra7 Qd5 45. Rxg7+
Kxg7 46. Bxh6+ Kg8 47. Qg5+ Kh8 48. Qg7# 1-0

[Event "Superettan(Orebro-Solna)"]
[Site "?"]
[Date "2013.03.17"]
[Round "9"]
[White "Landgren, Andreas"]
[Black "Lind, Jan-Olov"]
[Result "1-0"]
[WhiteElo "2273"]
[BlackElo "2267"]
[PlyCount "187"]

1. d4 Nf6 2. c4 c5 3. d5 e5 4. Nc3 d6 5. e4 g6 6. g3 Bg7 7. Bg2 O-O 8. Nge2 a6
9. O-O Nh5 10. Be3 f5 11. Qd2 Nd7 12. h3 Nb6 13. Qd3 f4 14. Bc1 Nxc4 15. g4 Qh4
16. gxh5 b5 17. a4 Nb6 18. f3 c4 19. Qd2 b4 20. Nd1 a5 21. hxg6 h5 22. Qe1 Qd8
23. Bd2 Bf6 24. Bxb4 axb4 25. Qxb4 Qc7 26. Ndc3 Ba6 27. Nb5 Bxb5 28. axb5 Rxa1
29. Rxa1 Ra8 30. Rxa8+ Nxa8 31. b6 Qxb6+ 32. Qxb6 Nxb6 33. Nc3 Kg7 34. Bf1 Be7
35. Be2 Kxg6 36. Bd1 Kf7 37. Nb5 Ke8 38. Na3 Kd7 39. Be2 c3 40. bxc3 Kc7 41.
Bb5 Nc8 42. Kf1 Na7 43. Be8 h4 44. Ke2 Kd8 45. Ba4 Kc7 46. Kd3 Bd8 47. Kc4 Kb7
48. Kb4 Bc7 49. c4 Bb6 50. Nc2 Bf2 51. Bd7 Kc7 52. Bg4 Kb6 53. Bf5 Bc5+ 54. Ka4
Bf2 55. Nb4 Be3 56. Nd3 Bg1 57. Kb4 Be3 58. Bd7 Kc7 59. Be8 Kb6 60. Bd7 Kc7 61.
Bg4 Kb6 62. Kb3 Bd4 63. Nb2 Be3 64. Na4+ Kc7 65. c5 dxc5 66. Kc4 Kd6 67. Nb6
Bd4 68. Bf5 Be3 69. Kd3 Bd4 70. Nc4+ Kc7 71. d6+ Kc6 72. d7 Kc7 73. Nd6 Nc6 74.
Nf7 Nd8 75. Nh8 Kd6 76. Kc4 Bf2 77. Ng6 Bg3 78. Nf8 Bf2 79. Nh7 Bd4 80. Nf6 Ke7
81. Nd5+ Kd6 82. Kb5 Bf2 83. Nb6 Bd4 84. Bg4 Kc7 85. Nd5+ Kd6 86. Nf6 Ke7 87.
Ne8 Nf7 88. Ng7 Nd6+ 89. Kc6 c4 90. Be6 c3 91. Bb3 Nf7 92. Kc7 Ba7 93. Nf5+ Kf6
94. Bxf7 1-0

[Event "Superettan(Orebro-Solna)"]
[Site "?"]
[Date "2013.03.17"]
[Round "9"]
[White "Zetterberg, Staffan"]
[Black "Lindborg, Petter"]
[Result "0-1"]
[WhiteElo "2300"]
[BlackElo "2252"]
[PlyCount "212"]

1. Nf3 f5 2. c4 e6 3. g3 Nf6 4. Bg2 Be7 5. O-O O-O 6. b3 d6 7. Bb2 Nc6 8. d4
Ne4 9. Nbd2 Bf6 10. Qc2 Nxd2 11. Qxd2 e5 12. e3 Qe8 13. b4 e4 14. Ne1 Ne7 15.
d5 Bxb2 16. Qxb2 b5 17. f3 bxc4 18. fxe4 Ng6 19. Qd4 a5 20. exf5 Ne5 21. bxa5
Rxf5 22. Nf3 Rxa5 23. Nxe5 Rxe5 24. e4 h6 25. Qxc4 Ba6 26. Qxc7 Bxf1 27. Rxf1
Ra6 28. Rb1 Re7 29. Qc4 Ra8 30. Re1 Qa4 31. Qc3 Qxa2 32. Bh3 Rf8 33. Be6+ Kh7
34. e5 Qf2+ 35. Kh1 dxe5 36. Qxe5 Rb7 37. Qe2 Qxe2 38. Rxe2 Rb6 39. Kg2 Kg6 40.
Rc2 Kf6 41. Rf2+ Ke7 42. Rc2 Kd6 43. h4 Rb7 44. Rc6+ Ke5 45. Rc2 Rd8 46. Re2+
Kd4 47. Rd2+ Ke3 48. Rf2 Rc7 49. Rf3+ Ke4 50. Rf4+ Ke5 51. Rf5+ Kd6 52. Rf2 Rb8
53. Ra2 Rcb7 54. g4 Rb2+ 55. Rxb2 Rxb2+ 56. Kf3 Ke5 57. h5 Rb3+ 58. Ke2 Kd4 59.
Kf2 Ke5 60. Ke2 Ra3 61. Kd2 Ke4 62. Kc2 Ra6 63. Kc3 Ke5 64. Kd3 Ra4 65. Ke3 Rd4
66. Kf3 Ra4 67. Ke3 Kf6 68. Kd3 Ke5 69. Ke3 Ra1 70. Kd3 Rd1+ 71. Ke2 Rd4 72.
Ke3 Rf4 73. Kd3 Rf6 74. Ke3 Kd6 75. Kd4 g5 76. hxg6 Rxg6 77. Ke4 Rf6 78. Kd4
Rf1 79. Ke4 Rf8 80. Kd4 Rf4+ 81. Ke3 Ke5 82. Kd3 Re4 83. Kd2 Kd4 84. Kc2 Re2+
85. Kb3 Rd2 86. Bf7 Rf2 87. Be6 Rg2 88. Ka3 Kc4 89. d6+ Kc5 90. d7 Rd2 91. Kb3
Rd6 92. Kc3 Rd1 93. Kc2 Rd6 94. Kc3 Kc6 95. Kc4 Kc7 96. Bf5 Rd1 97. Kc5 Rd2 98.
Kb5 h5 99. Kc4 h4 100. g5 Rg2 101. g6 Rg5 102. Be4 Kxd7 103. Kd4 Ke6 104. Ke3
h3 105. Kf4 Kf6 106. g7 Rxg7 0-1

[Event "Superettan(Orebro-Solna)"]
[Site "?"]
[Date "2013.03.17"]
[Round "9"]
[White "Blomstrom, Lars"]
[Black "Wallgren, Ulf"]
[Result "1-0"]
[WhiteElo "2230"]
[BlackElo "2049"]
[PlyCount "101"]

1. e4 e5 2. Nf3 Nc6 3. Bb5 a6 4. Ba4 Nf6 5. O-O Nxe4 6. d4 b5 7. Bb3 d5 8. dxe5
Be6 9. Qe2 Be7 10. Rd1 Na5 11. Nbd2 Nxd2 12. Bxd2 Nxb3 13. axb3 O-O 14. h3 Qd7
15. b4 Rfc8 16. c3 c5 17. bxc5 Bxc5 18. Be3 Qb7 19. Bxc5 Rxc5 20. Nd4 Rc4 21.
f4 Re8 22. Qf2 Bc8 23. Nc2 Qc6 24. Nb4 Qh6 25. Rd4 Bb7 26. Nc2 f6 27. Re1 fxe5
28. fxe5 Rf8 29. Qg3 Rc6 30. Ne3 Rg6 31. Rg4 Re6 32. Nc2 g6 33. Nd4 Ree8 34. e6
Qd2 35. Re5 Qc1+ 36. Kh2 Rf1 37. Qe3 Qxe3 38. Rxe3 Rf6 39. Rg5 Re7 40. Rge5 Rf2
41. b4 Kg7 42. Kg3 Rb2 43. h4 Rb1 44. Re2 Rf1 45. Nb3 Kf6 46. Nc5 Bc8 47. Rxd5
Rf5 48. Rd6 h6 49. Rc6 Re8 50. Ne4+ Ke7 51. Nd6 1-0

[Event "Superettan(Orebro-Solna)"]
[Site "?"]
[Date "2013.03.17"]
[Round "9"]
[White "Johansson, Gunnar"]
[Black "Gummesson, Anton"]
[Result "1-0"]
[WhiteElo "2225"]
[BlackElo "1963"]
[PlyCount "62"]

1. d4 Nf6 2. c4 g6 3. Nc3 Bg7 4. e4 d6 5. h3 O-O 6. Nf3 e5 7. d5 Na6 8. Bg5 h6
9. Be3 Nc5 10. Nd2 a5 11. Be2 Nfd7 12. g4 b6 13. h4 a4 14. Qc2 Qe7 15. h5 g5
16. O-O Nf6 17. f3 Bd7 18. b4 axb3 19. axb3 Na6 20. Na2 Rfb8 21. b4 Qe8 22. Qb2
Qc8 23. Rfb1 Bf8 24. Nc3 Be7 25. Ra3 c6 26. dxc6 Bxg4 27. fxg4 Nxg4 28. Nd5 Bd8
29. Nf1 f5 30. Bxg4 fxg4 31. b5 Nc5 1-0

[Event "Superettan(Orebro-Solna)"]
[Site "?"]
[Date "2013.03.17"]
[Round "9"]
[White "Skoog, Daniel"]
[Black "Bjarnehag, Peter"]
[Result "0-1"]
[WhiteElo "1836"]
[BlackElo "2228"]
[PlyCount "84"]

1. c4 c5 2. Nf3 Nc6 3. Nc3 e5 4. g3 Nge7 5. Bg2 d6 6. O-O g6 7. a3 a5 8. d3 Bg7
9. Ne1 Be6 10. Nc2 d5 11. cxd5 Nxd5 12. Ne3 Nde7 13. Ne4 b6 14. Bd2 O-O 15. Nc4
Rb8 16. Rb1 h6 17. f4 f5 18. Nc3 e4 19. Qa4 Nd4 20. Qd1 b5 21. Ne3 Bb3 22. Qe1
b4 23. axb4 cxb4 24. Ncd1 Nc2 25. Nxc2 Bxc2 26. Rc1 exd3 27. exd3 Bxd3 28. Qe6+
Rf7 29. Re1 Be4 30. Be3 Bxg2 31. Kxg2 Qd5+ 32. Qxd5 Nxd5 33. Rc5 Nxe3+ 34. Nxe3
Re7 35. Nc2 Rxe1 36. Nxe1 Bxb2 37. Rxa5 Bc3 38. Nd3 b3 39. Ra6 b2 40. Nxb2
Rxb2+ 41. Kh3 Kh7 42. Ra7+ Bg7 0-1

[Event "Superettan(Kamraterna-Upsala)"]
[Site "?"]
[Date "2013.03.17"]
[Round "9"]
[White "Andersson, Fredrik"]
[Black "Svensson, Bengt"]
[Result "1/2-1/2"]
[WhiteElo "2378"]
[BlackElo "2456"]
[PlyCount "47"]

1. d4 d5 2. c4 c6 3. Nf3 Nf6 4. e3 Bg4 5. h3 Bh5 6. g4 Bg6 7. Qb3 Qc7 8. Nc3 e6
9. Ne5 Nbd7 10. Nxg6 hxg6 11. Bg2 dxc4 12. Qxc4 Nb6 13. Qb3 Nbd5 14. Bd2 Be7
15. g5 Nd7 16. f4 Bb4 17. O-O Ba5 18. Nxd5 cxd5 19. Rfc1 Qd8 20. Bxa5 Qxa5 21.
Qxb7 Rb8 22. Rc8+ Ke7 23. Qxb8 Nxb8 24. Rxh8 1/2-1/2

[Event "Superettan(Kamraterna-Upsala)"]
[Site "?"]
[Date "2013.03.17"]
[Round "9"]
[White "Akbarinia, Arash"]
[Black "Burwick, Malte"]
[Result "1-0"]
[WhiteElo "2352"]
[BlackElo "2308"]
[PlyCount "111"]

1. Nf3 Nf6 2. c4 g6 3. g3 Bg7 4. Bg2 O-O 5. O-O d6 6. d4 Nbd7 7. Nc3 e5 8. h3
c6 9. e4 Ne8 10. Rb1 f5 11. b4 Kh8 12. Bb2 exd4 13. Nxd4 Ne5 14. exf5 gxf5 15.
Nce2 Nxc4 16. Ba1 c5 17. Nb3 cxb4 18. Bxg7+ Nxg7 19. Qd4 Na3 20. Rbd1 a5 21.
Qxd6 Qxd6 22. Rxd6 Nc4 23. Rh6 Ra6 24. Rxa6 bxa6 25. Rc1 Be6 26. Nf4 Bg8 27.
Bd5 a4 28. Rxc4 axb3 29. axb3 Rb8 30. Rc6 a5 31. Ra6 Bxd5 32. Nxd5 Re8 33. Rxa5
Ne6 34. Nxb4 f4 35. Re5 fxg3 36. fxg3 Rb8 37. Rxe6 Rxb4 38. Re3 Kg7 39. Kf2 h5
40. Ke2 Kf6 41. Kd2 h4 42. gxh4 Rxh4 43. Kc3 Kf5 44. b4 Kf4 45. Re8 Rxh3+ 46.
Kc4 Rh1 47. b5 Rc1+ 48. Kd5 Rb1 49. Kc6 Kf5 50. b6 Rc1+ 51. Kd7 Rb1 52. Kc7
Rc1+ 53. Kb8 Kf6 54. b7 Kf7 55. Re2 Kf8 56. Ra2 1-0

[Event "Superettan(Kamraterna-Upsala)"]
[Site "?"]
[Date "2013.03.17"]
[Round "9"]
[White "Johansson, Jan"]
[Black "Aberg, Anton"]
[Result "1-0"]
[WhiteElo "2430"]
[BlackElo "2420"]
[PlyCount "101"]

1. e4 c6 2. d4 d5 3. e5 Bf5 4. Nf3 e6 5. Be2 Nd7 6. O-O Ne7 7. c4 dxc4 8. Bxc4
Nb6 9. Bb3 h6 10. Re1 Bg4 11. Nbd2 Nf5 12. Re4 h5 13. h3 Bxf3 14. Nxf3 Be7 15.
Bd2 Nd5 16. Rc1 Qd7 17. Ba4 O-O-O 18. Bg5 Kb8 19. a3 Nb6 20. h4 Bxg5 21. hxg5
Qe7 22. Bb3 Nd5 23. Qd2 g6 24. Ba2 Rd7 25. b4 Rhd8 26. Qb2 Nc7 27. Rd1 Nd5 28.
Bb1 Rc8 29. Qd2 Qd8 30. Qc1 Qb6 31. Re2 Nde7 32. Red2 Rcd8 33. Qb2 a5 34. Be4
axb4 35. axb4 Nd5 36. Rb1 Nc7 37. Rbd1 Nb5 38. Bxf5 gxf5 39. g3 Nc7 40. Kg2 Nd5
41. Rb1 f4 42. Rd3 fxg3 43. fxg3 Qb5 44. Ra3 Nb6 45. Qf2 Nd5 46. Rab3 Ne7 47.
Rc1 Rd5 48. Qa2 Nf5 49. Rc5 Qb6 50. b5 cxb5 51. Ra3 1-0

[Event "Superettan(Kamraterna-Upsala)"]
[Site "?"]
[Date "2013.03.17"]
[Round "9"]
[White "Hamark, Jesper"]
[Black "Glimbrant, Torbjorn"]
[Result "1/2-1/2"]
[WhiteElo "2385"]
[BlackElo "2342"]
[PlyCount "103"]

1. Nf3 Nf6 2. c4 e6 3. g3 b6 4. Bg2 Bb7 5. O-O c5 6. Nc3 Be7 7. Re1 O-O 8. e4
d6 9. d4 cxd4 10. Nxd4 Qc8 11. Be3 Nc6 12. h3 Rd8 13. Rc1 Ne5 14. b3 Qb8 15. f4
Nc6 16. Nde2 Bf8 17. Qc2 d5 18. cxd5 exd5 19. e5 Nb4 20. Qb1 Ne4 21. Rcd1 Qc7
22. Bd4 Bc5 23. Nxe4 dxe4 24. Bxe4 Nxa2 25. Bxb7 Nc3 26. Nxc3 Rxd4 27. Kh2 Qxb7
28. Rxd4 Bxd4 29. Ne4 h6 30. h4 a5 31. Qd3 Bc5 32. Nxc5 bxc5 33. f5 Qc7 34. Re2
Rd8 35. Qf3 Re8 36. Qe4 Qd7 37. Kg2 Qd4 38. Kf3 Rb8 39. Re3 Qd1+ 40. Kg2 Rxb3
41. Rxb3 Qxb3 42. e6 fxe6 43. fxe6 Qb2+ 44. Kh3 Qd4 45. Qa8+ Kh7 46. Qf3 c4 47.
Qf5+ g6 48. Qf8 h5 49. e7 Qg4+ 50. Kg2 Qe2+ 51. Kg1 Qe1+ 52. Kg2 1/2-1/2

[Event "Superettan(Kamraterna-Upsala)"]
[Site "?"]
[Date "2013.03.17"]
[Round "9"]
[White "Lindberg, Henrik"]
[Black "Andersson, Michael"]
[Result "1-0"]
[WhiteElo "2302"]
[BlackElo "2225"]
[PlyCount "131"]

1. e4 g6 2. d4 Bg7 3. Nc3 c5 4. dxc5 Bxc3+ 5. bxc3 Qa5 6. Bd2 Qxc5 7. Bd3 Nf6
8. Nf3 d6 9. Rb1 Nbd7 10. O-O b6 11. Qe2 e5 12. Ng5 h6 13. Nh3 g5 14. Kh1 Bb7
15. f3 Qc7 16. Nf2 Nc5 17. Nd1 Ne6 18. g3 O-O-O 19. Ne3 d5 20. exd5 Nxd5 21.
Nxd5 Bxd5 22. Kg1 Nc5 23. Rb4 Rhe8 24. Be3 Nxd3 25. cxd3 f5 26. Rfb1 Re6 27. c4
Bc6 28. a4 f4 29. Bf2 h5 30. c5 bxc5 31. Bxc5 g4 32. fxg4 fxg3 33. Rc4 gxh2+
34. Qxh2 hxg4 35. Qh5 Bd5 36. Bb6 axb6 37. Rxc7+ Kxc7 38. Qxg4 Rdd6 39. Kf2 Rg6
40. Rc1+ Bc6 41. Qh4 Rgf6+ 42. Ke2 Kb7 43. Rb1 Be8 44. a5 Bg6 45. Rxb6+ Rxb6
46. axb6 Rxb6 47. Qe7+ Ka6 48. Qxe5 Bxd3+ 49. Kxd3 Kb7 50. Kc4 Rc6+ 51. Kd4 Rb6
52. Qe7+ Kc6 53. Qd8 Rb4+ 54. Kc3 Rb5 55. Qf6+ Kc5 56. Qe6 Rb6 57. Qe5+ Kc6 58.
Kc4 Kb7 59. Qd5+ Kc7 60. Kc5 Ra6 61. Qf7+ Kb8 62. Kb5 Ra7 63. Qe8+ Kb7 64. Qd8
Ra8 65. Qd7+ Kb8 66. Kb6 1-0

[Event "Superettan(Kamraterna-Upsala)"]
[Site "?"]
[Date "2013.03.17"]
[Round "9"]
[White "Mohammadi, Amir"]
[Black "Johansson, Thomas"]
[Result "1-0"]
[WhiteElo "2293"]
[BlackElo "2263"]
[PlyCount "69"]

1. e4 e6 2. d3 c5 3. g3 Nc6 4. Bg2 d6 5. Nc3 g6 6. Be3 Bg7 7. Qd2 Qa5 8. f4
Nge7 9. Nf3 Nd4 10. O-O Nec6 11. a3 O-O 12. Kh1 Rb8 13. Rab1 b5 14. Qf2 Qd8 15.
Nd1 e5 16. c3 Nxf3 17. Qxf3 exf4 18. gxf4 Ne7 19. Nf2 Bb7 20. Qg3 f5 21. Rbd1
Qc7 22. Nh3 Rbe8 23. Ng5 Qc8 24. h4 h6 25. Nh3 Qa8 26. Nf2 fxe4 27. dxe4 d5 28.
Bxc5 dxe4 29. Rd7 Rf7 30. Rfd1 Kh7 31. h5 Rf5 32. Bxe7 Rxh5+ 33. Kg1 Bc6 34.
Bf6 Bxd7 35. Rxd7 1-0

[Event "Superettan(Kamraterna-Upsala)"]
[Site "?"]
[Date "2013.03.17"]
[Round "9"]
[White "Johansson, Carl Fredrik"]
[Black "Haggstrom, Olle"]
[Result "1/2-1/2"]
[WhiteElo "2222"]
[BlackElo "2219"]
[PlyCount "120"]

1. d4 c5 2. d5 e5 3. g3 d6 4. Bg2 h5 5. f4 exf4 6. Bxf4 Ne7 7. Nf3 Ng6 8. Nc3
h4 9. Qd2 Be7 10. O-O-O h3 11. Bf1 Bg4 12. Ne4 Na6 13. Qc3 Kf8 14. Bg5 Bxg5+
15. Nexg5 Rh5 16. Ne4 Nb4 17. Kb1 Bf5 18. a3 Bxe4 19. axb4 Rc8 20. Qc4 Qe8 21.
b5 f5 22. Rg1 Ne5 23. Nxe5 Qxe5 24. e3 a6 25. g4 fxg4 26. Be2 axb5 27. Qxb5 Bf3
28. Rxg4 Bxe2 29. Qxe2 Rf5 30. e4 Kg8 31. Rdg1 Rf7 32. Qd3 Qxh2 33. R4g3 Rcf8
34. Ka2 Ra8+ 35. Kb3 b5 36. Qxb5 Qf2 37. Qd3 Rb7+ 38. Kc3 Qf6+ 39. Kd2 Qxb2 40.
Rxh3 Qb4+ 41. Ke2 Re7 42. Re3 Rae8 43. Rg4 Qd4 44. Kd2 Qb4+ 45. Ke2 Qd4 46.
Qxd4 cxd4 47. Reg3 Rxe4+ 48. Kd3 Rxg4 49. Rxg4 Kf7 50. Kxd4 Re1 51. Rf4+ Ke7
52. Rg4 Kf6 53. Rf4+ Ke7 54. Rh4 Rd1+ 55. Kc4 Ra1 56. Re4+ Kd7 57. Re6 Rg1 58.
Kd4 Rd1+ 59. Kc4 Rg1 60. Kd4 Rd1+ 1/2-1/2

[Event "Superettan(Kamraterna-Upsala)"]
[Site "?"]
[Date "2013.03.17"]
[Round "9"]
[White "Borvander, Tom"]
[Black "Marttala, Thomas"]
[Result "0-1"]
[WhiteElo "2207"]
[BlackElo "2245"]
[PlyCount "38"]

1. d4 d5 2. c4 Bf5 3. cxd5 Bxb1 4. Rxb1 Qxd5 5. a3 Nc6 6. Nf3 O-O-O 7. e3 e5 8.
Qc2 exd4 9. exd4 Nf6 10. Bc4 Nxd4 11. Nxd4 Qxd4 12. O-O Qe4 13. Qxe4 Nxe4 14.
Bxf7 Bc5 15. Be6+ Kb8 16. b4 Bb6 17. Rb3 Rhe8 18. Bg4 Nxf2 19. Rxf2 Re1# 0-1

[Event "Superettan(Majorna-Sollentuna)"]
[Site "?"]
[Date "2013.03.17"]
[Round "9"]
[White "Ernst, Thomas"]
[Black "Enstrom, Henrik"]
[Result "1-0"]
[WhiteElo "2434"]
[BlackElo "2232"]
[PlyCount "121"]

1. e4 d6 2. d4 Nf6 3. Nc3 g6 4. f4 Bg7 5. Nf3 c5 6. dxc5 Qa5 7. Qd4 Nc6 8. Bb5
Bd7 9. Qa4 Qxa4 10. Bxa4 Nb4 11. Bb3 Be6 12. O-O Bxb3 13. cxb3 dxc5 14. Rd1 e6
15. e5 Nfd5 16. a3 Nxc3 17. bxc3 Nc6 18. Be3 b6 19. Ng5 Rd8 20. Rxd8+ Nxd8 21.
b4 f6 22. exf6 Bxf6 23. Ne4 Be7 24. bxc5 bxc5 25. Bxc5 Bxc5+ 26. Nxc5 Rf8 27.
Nd3 Rf7 28. c4 Rd7 29. Ne5 Rd4 30. g3 Nf7 31. Re1 Nxe5 32. Rxe5 Rxc4 33. Rxe6+
Kd7 34. Rf6 Ra4 35. Rf7+ Ke6 36. Rxh7 Rxa3 37. Kg2 Kf6 38. Kh3 Ke6 39. Kg4 Kf6
40. Rc7 Ra5 41. h4 Ke6 42. Rc6+ Kf7 43. Rd6 Kg7 44. Re6 Kf7 45. Re3 Kf6 46. Rc3
Ke6 47. Kf3 Kf6 48. g4 Kf7 49. Rc7+ Kg8 50. Re7 Ra1 51. Re2 Rh1 52. h5 gxh5 53.
g5 a5 54. Ke4 Rb1 55. Kf5 Rb8 56. Kg6 a4 57. f5 a3 58. f6 Ra8 59. Re7 a2 60.
Rg7+ Kf8 61. Rh7 1-0

[Event "Superettan(Majorna-Sollentuna)"]
[Site "?"]
[Date "2013.03.17"]
[Round "9"]
[White "Kall, Anders"]
[Black "Poley, Vladimir"]
[Result "0-1"]
[WhiteElo "2173"]
[BlackElo "2440"]
[PlyCount "98"]

1. e4 g6 2. d4 Bg7 3. Nf3 c6 4. Be3 d5 5. exd5 cxd5 6. Bd3 Nc6 7. c3 Nh6 8. O-O
O-O 9. Qc1 Nf5 10. Bf4 f6 11. Re1 Re8 12. Na3 e5 13. dxe5 fxe5 14. Bg5 Qd7 15.
Nh4 Nd6 16. Qd2 Nf7 17. Rad1 Qg4 18. Nf3 e4 19. Bf1 Be6 20. h3 Qf5 21. Bh4 Bh6
22. Nd4 Bxd2 23. Nxf5 Bxe1 24. Ne3 Bxc3 25. bxc3 g5 26. Bg3 Rad8 27. Nb5 Re7
28. Nc7 d4 29. Nxe6 Rxe6 30. cxd4 Rxd4 31. Rb1 Na5 32. Bb8 Ra4 33. Rb2 a6 34.
Bc7 b5 35. Be2 Rc6 36. Nd5 Rc1+ 37. Kh2 Nc4 38. Bxc4 Raxc4 39. Bb6 Kg7 40. Ne3
Rc6 41. Bd4+ Kg6 42. g4 Re6 43. Rd2 Rcc6 44. Nf5 Ne5 45. Kg2 Nf3 46. Rd1 Rcd6
47. Kf1 Nxd4 48. Nxd4 e3 49. Nxe6 Rxd1+ 0-1

[Event "Superettan(Majorna-Sollentuna)"]
[Site "?"]
[Date "2013.03.17"]
[Round "9"]
[White "Walinder, Lars"]
[Black "Strom, Leif"]
[Result "1-0"]
[WhiteElo "2197"]
[BlackElo "2155"]
[PlyCount "77"]

1. c4 c5 2. g3 g6 3. Bg2 Bg7 4. Nc3 Nc6 5. Nf3 e5 6. O-O Nge7 7. a3 d6 8. Rb1
Be6 9. d3 h6 10. b4 Qd7 11. Re1 O-O 12. Qb3 Rab8 13. Nd5 f5 14. e3 Bf7 15. b5
Nd8 16. Bb2 Ne6 17. Nd2 Rbe8 18. Bc3 Ng5 19. f4 Nxd5 20. cxd5 exf4 21. Bxg7
Kxg7 22. gxf4 Nh7 23. e4 fxe4 24. dxe4 Qg4 25. Qg3 Nf6 26. Nc4 Rd8 27. Rbc1
Qxg3 28. hxg3 Be8 29. e5 Bxb5 30. Nxd6 Rxd6 31. exd6 Nd7 32. Re7+ Kh8 33. Rb1
a6 34. Rxb5 axb5 35. Rxd7 b6 36. Rc7 Rd8 37. d7 Kg7 38. Bh3 Kf6 39. d6 1-0

[Event "Superettan(Majorna-Sollentuna)"]
[Site "?"]
[Date "2013.03.17"]
[Round "9"]
[White "Bengtsson, Tage"]
[Black "Kassani, Sam"]
[Result "1-0"]
[WhiteElo "2148"]
[BlackElo "2262"]
[PlyCount "59"]

1. d4 Nf6 2. c4 c6 3. e3 d5 4. Bd3 a6 5. Nf3 b5 6. b3 g6 7. O-O Bg7 8. Nbd2 O-O
9. a4 b4 10. e4 dxe4 11. Nxe4 Nxe4 12. Bxe4 f5 13. Bb1 c5 14. Ra2 cxd4 15. Re1
Nc6 16. Bf4 Bb7 17. Rd2 Qa5 18. Re6 Qc5 19. Ne1 Bc8 20. Nd3 Qb6 21. a5 Qb7 22.
Nc5 Qa7 23. Rxc6 e5 24. Rxd4 exf4 25. Rd8 Qe7 26. Rcd6 Rxd8 27. Rxd8+ Bf8 28.
Qd5+ Kg7 29. Bd3 Bb7 30. Nxb7 1-0

[Event "Superettan(Majorna-Sollentuna)"]
[Site "?"]
[Date "2013.03.17"]
[Round "9"]
[White "Bostrom, Gabriel"]
[Black "Panas, Itai"]
[Result "1-0"]
[WhiteElo "2113"]
[BlackElo "2146"]
[PlyCount "73"]

1. e4 g6 2. d4 Bg7 3. Nc3 d6 4. f4 Nd7 5. Nf3 e6 6. Bd3 Ne7 7. Qe2 O-O 8. g4 c5
9. dxc5 Nxc5 10. Bd2 Nc6 11. O-O-O Qb6 12. g5 Nb4 13. e5 Ncxd3+ 14. cxd3 Qa6
15. a3 Nc6 16. Ne4 dxe5 17. Nf6+ Kh8 18. fxe5 Rd8 19. Bc3 Ne7 20. Qf2 Bd7 21.
Nd4 Ba4 22. Qh4 Bxf6 23. exf6 Nd5 24. Qh6 Rg8 25. Rdf1 Nxc3 26. Rf3 Ne2+ 27.
Kb1 Nf4 28. Rxf4 Qxd3+ 29. Ka1 Bd1 30. Rh4 Bh5 31. Rc1 e5 32. Ne6 e4 33. Nf4
Qd2 34. Rc7 Raf8 35. Rxh5 gxh5 36. Ng6+ Rxg6 37. Qxf8+ 1-0

[Event "Superettan(Majorna-Sollentuna)"]
[Site "?"]
[Date "2013.03.17"]
[Round "9"]
[White "Fors, Klas"]
[Black "Duenas, Alexis"]
[Result "1-0"]
[WhiteElo "2075"]
[BlackElo "1891"]
[PlyCount "75"]

1. Nf3 d5 2. c4 g6 3. g3 Nf6 4. Bg2 Bg7 5. O-O O-O 6. d4 dxc4 7. Ne5 Nc6 8.
Nxc6 bxc6 9. Bxc6 Rb8 10. Nc3 Bb7 11. Bb5 Qd6 12. f3 Ba6 13. Bxa6 Qxa6 14. Qc2
c5 15. Be3 cxd4 16. Bxd4 Rfd8 17. Bf2 Rd7 18. e4 Rd3 19. Kg2 Rbd8 20. Rfd1 Ne8
21. Rxd3 cxd3 22. Qa4 Qxa4 23. Nxa4 Rc8 24. Rd1 d2 25. Nc3 Bxc3 26. bxc3 Rxc3
27. Rxd2 h6 28. Bxa7 Ra3 29. Bc5 Rc3 30. Bb4 Rc1 31. a3 Rb1 32. Kf2 Kh7 33.
Bxe7 Ra1 34. Ke3 Kg7 35. Bb4 h5 36. Bc5 Kh6 37. Rd8 Rc1 38. Be7 1-0

[Event "Superettan(Majorna-Sollentuna)"]
[Site "?"]
[Date "2013.03.17"]
[Round "9"]
[White "Jakenberg, Jussi"]
[Black "Kruger, Jan"]
[Result "1-0"]
[WhiteElo "2059"]
[BlackElo "1842"]
[PlyCount "121"]

1. e4 d5 2. exd5 Qxd5 3. Nf3 Bg4 4. Be2 Nf6 5. d4 e6 6. c4 Bb4+ 7. Nc3 Qa5 8.
Bd2 c6 9. a3 Be7 10. Nd5 Qd8 11. Nxe7 Qxe7 12. h3 Bf5 13. Ne5 Nbd7 14. O-O Nxe5
15. dxe5 Ne4 16. Bb4 Qc7 17. Bd6 Qb6 18. b4 Nc3 19. Qd2 Nxe2+ 20. Qxe2 Qd4 21.
Rad1 Qc3 22. Qd2 Qxd2 23. Rxd2 O-O-O 24. Rfd1 h5 25. f3 b6 26. Kf2 Bg6 27. Ke3
Bf5 28. Kf4 Bg6 29. Kg5 Rd7 30. Rd4 Rdd8 31. R1d2 Rd7 32. c5 b5 33. a4 a6 34.
Ra2 Kb7 35. Rd1 bxa4 36. Rdd2 Rdd8 37. Rxa4 Rhe8 38. Ra3 Rh8 39. Kf4 Bf5 40.
Rda2 Ra8 41. Be7 Rhe8 42. Bh4 Bg6 43. Rd2 Rac8 44. Rda2 Ra8 45. Rd2 Rac8 46.
Rd6 Bc2 47. Kg5 Bg6 48. Be1 Red8 49. Bf2 Ra8 50. Ra2 Rac8 51. Rad2 Re8 52. R2d4
Rh8 53. Rd2 Rhe8 54. Bh4 Rc7 55. Kf4 Rcc8 56. Bd8 Ra8 57. Rd7+ Kb8 58. Bb6 Rg8
59. Re7 f6 60. Rdd7 fxe5+ 61. Kxe5 1-0